| 000 | 01400cam a22001694a 4500 | ||
|---|---|---|---|
| 005 | 20250605163649.0 | ||
| 008 | 250528s ||||||||||||||||||||||||d | ||
| 035 | _a23838 | ||
| 040 |
_aGR-AtMCL _bgre _dGR-AtMCL _eAACR2 |
||
| 245 | 1 | _aΠαράθυρο / Στην Εκπαίδευση του Παιδιού | |
| 260 |
_bΩρίων, _c2012 |
||
| 300 | _a242 | ||
| 520 | _aΕίσαι το Φλάμπουρο, Ονειροτάξιδα, Ξημέρωσε η 25η Μαρτίου του 1821, Άρης - Απόλλωνας - Δήμητρα, Το Κουκουέατρο στην Ελλάδα σήμερα, Τα Μουσικόφιλα Ζώα, 'Νερό για τη Ζωή' Διεθνής Δεκαετία Δράσης 2005-2015 και Πακόσμια Ημέρα Νερού 22 Μαρτίου, Η Παπαρούνα και ο Κοκκινολαίμης, Ω Γλυκή μου Έαρ, Αι Γενεαί Πάσαι, Το Φιλί της Ανάστασης, Η Γιαγιά και η Μαριγώ και το Κόκκινο Αυγό, Μια Ωραία Πεταλούδα, Ένας Νέος Φίλος για τα Παιδιά του Νηπιαγωγείου, Ψυχολογία και Σχολεία: Η Συναισθηματική Π΄ραξη Μέσα και Δραστηριότητες, Κατασκευές, Βιβλιοπαρουσιάσεις. | ||
| 942 | _cCR | ||
| 999 |
_c8765 _d8765 |
||